[Event "ITA-chT Final 56th"]
[Site "Darfo Boario Terme"]
[Date "2025.04.08"]
[Round "3.30"]
[White "Caposciutti, Maurizio"]
[Black "Moroder, Stefan"]
[Result "1/2-1/2"]
[WhiteElo "2299"]
[BlackElo "2253"]
[PlyCount "88"]
[EventDate "2025.04.07"]
[EventType "team-swiss"]
[EventRounds "9"]
[EventCountry "ITA"]
[SourceTitle "CB16_2025"]
[SourceDate "2025.04.16"]
[SourceVersion "1"]
[SourceVersionDate "2025.04.16"]
[SourceQuality "1"]
[WhiteTeam "Mimosa Elite"]
[BlackTeam "UST"]
[WhiteTeamCountry "ITA"]
[BlackTeamCountry "ITA"]

1. Nf3 d5 2. d4 Nf6 3. c4 e6 4. e3 Nbd7 5. Nc3 c6 6. Qc2 Bd6 7. b3 0-0 8. Be2 Re8 9. 0-0 a6 10. Rd1 Qe7 11. Bb2 dxc4 12. Bxc4 b5 13. Bd3 Bb7 14. Ne4 Nxe4 15. Bxe4 h6 16. Qe2 Rac8 17. Rac1 Red8 18. Rc2 Nf6 19. Bd3 Nd5 20. Rcc1 c5 21. dxc5 Bxc5 22. g3 Ba3 23. e4 Rxc1 24. Rxc1 Bxb2 25. Qxb2 Nf4 26. Bb1 Nd3 27. Bxd3 Rxd3 28. Ne5 Rd8 29. Nc6 Bxc6 30. Rxc6 Qb4 31. Qe2 Rd2 32. Qf3 Rxa2 33. Rc8+ Kh7 34. Qxf7 Qe1+ 35. Kg2 Qxe4+ 36. Kh3 Qf5+ 37. Qxf5+ exf5 38. Kg2 Rb2 39. Ra8 Ra2 40. Kf3 g5 41. Ke3 Ra3 42. Kd4 Rxb3 43. Rxa6 Rf3 44. Ke5 Kg7 1/2-1/2

[Event "ITA-chT Final 56th"]
[Site "Darfo Boario Terme"]
[Date "2025.04.07"]
[Round "1.22"]
[White "Stella, Andrea"]
[Black "Moroder, Stefan"]
[Result "1/2-1/2"]
[WhiteElo "2425"]
[BlackElo "2253"]
[PlyCount "74"]
[EventDate "2025.04.07"]
[EventType "team-swiss"]
[EventRounds "9"]
[EventCountry "ITA"]
[SourceTitle "CB16_2025"]
[SourceDate "2025.04.16"]
[SourceVersion "1"]
[SourceVersionDate "2025.04.16"]
[SourceQuality "1"]
[WhiteTeam "WorldtradingLab"]
[BlackTeam "UST"]
[WhiteTeamCountry "ITA"]
[BlackTeamCountry "ITA"]

1. d4 Nf6 2. c4 e6 3. Nc3 Bb4 4. e3 0-0 5. Bd3 d5 6. a3 dxc4 7. Bxc4 Bd6 8. Nf3 Nc6 9. e4 e5 10. d5 Ne7 11. 0-0 a6 12. Re1 Ng6 13. Bf1 h6 14. b4 Bd7 15. Nd2 a5 16. bxa5 Rxa5 17. Nc4 Ra8 18. Nxd6 cxd6 19. Rb1 Qc7 20. Qb3 Rfc8 21. Nb5 Bxb5 22. Qxb5 Ra7 23. Qb6 Qb8 24. Qb5 Qc7 25. g3 Nf8 26. Bb2 Ra5 27. Qe2 N8d7 28. Rbc1 Qb8 29. Rxc8+ Qxc8 30. Rc1 Rc5 31. Rxc5 Nxc5 32. f3 Na4 33. Qd2 Nxb2 34. Qxb2 Nd7 35. h4 Qc7 36. Kh2 Kf8 37. Bh3 Qb6 1/2-1/2

[Event "AUT-chT2W 2324"]
[Site "Austria"]
[Date "2024.01.20"]
[Round "7.5"]
[White "Novkovic, Julia"]
[Black "Moroder, Stefan"]
[Result "1/2-1/2"]
[WhiteElo "2075"]
[BlackElo "2265"]
[PlyCount "64"]
[EventDate "2023.09.29"]
[EventType "team-tourn"]
[EventRounds "11"]
[EventCountry "AUT"]
[SourceTitle "EXT 2025"]
[Source "ChessBase"]
[SourceDate "2024.10.14"]
[SourceVersion "1"]
[SourceVersionDate "2024.10.14"]
[SourceQuality "1"]
[WhiteTeam "Dornbirn"]
[BlackTeam "Jenbach II"]
[WhiteTeamCountry "AUT"]
[BlackTeamCountry "AUT"]

1. e4 c5 2. Nf3 d6 3. Bb5+ Nd7 4. 0-0 a6 5. Bd3 Ngf6 6. Re1 e6 7. a4 b6 8. c3 Ne5 9. Bc2 Qc7 10. Nxe5 dxe5 11. d3 Bb7 12. Na3 Rd8 13. Qe2 Be7 14. Bg5 0-0 15. Rad1 Rfe8 16. Bh4 Nd5 17. exd5 Bxh4 18. d4 cxd4 19. cxd4 Rxd5 20. dxe5 Be7 21. Nc4 Rc8 22. Bb3 Bb4 23. Nd6 Rxd1 24. Rxd1 Rd8 25. Nxb7 Rxd1+ 26. Qxd1 Qxb7 27. Qd4 Bc5 28. Qd8+ Bf8 29. Qd3 g6 30. Bc4 Qc7 31. b3 a5 32. Qe4 Qc5 1/2-1/2

[Event "AUT-chT2W 2324"]
[Site "Austria"]
[Date "2023.11.12"]
[Round "5.5"]
[White "Moroder, Stefan"]
[Black "Kuecher, Wolfgang"]
[Result "1-0"]
[WhiteElo "2265"]
[BlackElo "2118"]
[PlyCount "78"]
[EventDate "2023.09.29"]
[EventType "team-tourn"]
[EventRounds "11"]
[EventCountry "AUT"]
[SourceTitle "EXT 2025"]
[Source "ChessBase"]
[SourceDate "2024.10.14"]
[SourceVersion "1"]
[SourceVersionDate "2024.10.14"]
[SourceQuality "1"]
[WhiteTeam "Jenbach II"]
[BlackTeam "Ranshofen"]
[WhiteTeamCountry "AUT"]
[BlackTeamCountry "AUT"]

1. d4 d5 2. c4 c6 3. Nf3 Nf6 4. Nc3 Bf5 5. cxd5 cxd5 6. Qb3 Nc6 7. Qxb7 Na5 8. Qb5+ Bd7 9. Qd3 e6 10. g3 Bb4 11. Bg2 Nc4 12. 0-0 Qa5 13. Nd2 Rc8 14. Nxc4 Rxc4 15. Bd2 0-0 16. a3 Bxc3 17. Bxc3 Qb6 18. b3 Rc7 19. Bb4 Rb8 20. Qd2 Rcb7 21. Rab1 Ne4 22. Qe3 f5 23. Rfc1 a5 24. Be1 Qa6 25. f3 Nd6 26. Rc5 a4 27. b4 Nc4 28. Qc3 Be8 29. e4 Bf7 30. Bf1 fxe4 31. fxe4 Bg6 32. exd5 Bxb1 33. Bxc4 Qd6 34. dxe6 Re7 35. Bd2 Rf8 36. Bf4 Qb6 37. d5 g5 38. Bxg5 Rg7 39. Bh6 Rg6 1-0

[Event "AUT-chT2W 2324"]
[Site "Austria"]
[Date "2023.09.30"]
[Round "2.6"]
[White "Moroder, Stefan"]
[Black "Maurer, Jochen"]
[Result "1-0"]
[WhiteElo "2265"]
[BlackElo "2182"]
[PlyCount "87"]
[EventDate "2023.09.29"]
[EventType "team-tourn"]
[EventRounds "11"]
[EventCountry "AUT"]
[SourceTitle "CBM 216 Extra"]
[Source "ChessBase"]
[SourceDate "2023.11.30"]
[SourceVersion "1"]
[SourceVersionDate "2023.11.30"]
[SourceQuality "1"]
[WhiteTeam "Jenbach II"]
[BlackTeam "Kufstein/Woergl"]
[WhiteTeamCountry "AUT"]
[BlackTeamCountry "AUT"]

1. d4 Nf6 2. c4 g6 3. Nc3 Bg7 4. e4 d6 5. h3 0-0 6. Be3 e5 7. d5 Na6 8. Nf3 Nc5 9. Nd2 a5 10. g4 c6 11. Be2 cxd5 12. cxd5 a4 13. Bb5 Bd7 14. Qe2 Qa5 15. Bxc5 dxc5 16. g5 Bxb5 17. Qxb5 Nh5 18. Qxa5 Rxa5 19. Nc4 Ra6 20. 0-0-0 Nf4 21. Rd2 f6 22. gxf6 Bxf6 23. Kc2 Kf7 24. Nb5 Ke7 25. Nc7 Ra7 26. Nb6 Ra5 27. d6+ Kf7 28. Kc3 Ne6 29. Nc4 Ra7 30. Rd5 Rd8 31. Nxe6 Kxe6 32. Rxc5 Rb8 33. Rb5 Ra6 34. Rd1 Rc6 35. Kb4 Bh4 36. Rxe5+ Kf6 37. Rb5 Rbc8 38. b3 axb3 39. axb3 Ke6 40. Rxb7 Rf8 41. Rxh7 Bxf2 42. Re7+ Kf6 43. Rf1 Kg5 44. Rxf2 1-0

[Event "Lonigo CIS 54th Serie A1 Girone 2"]
[Site "Lonigo"]
[Date "2023.05.19"]
[Round "1.1"]
[White "Moroder, Stefan"]
[Black "Livaic, Leon"]
[Result "1/2-1/2"]
[WhiteElo "2274"]
[BlackElo "2574"]
[PlyCount "86"]
[EventDate "2023.05.19"]
[EventType "team-tourn"]
[EventRounds "5"]
[EventCountry "ITA"]
[SourceTitle "EXT 2024"]
[Source "ChessBase"]
[SourceDate "2023.10.10"]
[SourceVersion "1"]
[SourceVersionDate "2023.10.10"]
[SourceQuality "1"]
[WhiteTeam "Trento UTS"]
[BlackTeam "Palmanova Palmascacchi Blacks"]
[WhiteTeamCountry "ITA"]
[BlackTeamCountry "ITA"]

1. e4 c5 2. Nf3 e6 3. d4 cxd4 4. Nxd4 Nf6 5. Nc3 Nc6 6. Nxc6 bxc6 7. e5 Nd5 8. Ne4 Qc7 9. f4 Rb8 10. a3 Qb6 11. Qf3 f5 12. exf6 Nxf6 13. Bd3 Be7 14. b4 d5 15. Nxf6+ Bxf6 16. Be3 Bd4 17. Ke2 0-0 18. c3 Bxe3 19. Qxe3 c5 20. Qxc5 Rxf4 21. Qxb6 axb6 22. Rhf1 Rxf1 23. Kxf1 Ra8 24. Bb5 Kf7 25. Ke2 Ke7 26. Ke3 Bb7 27. g3 e5 28. Bd3 Bc6 29. a4 Kd6 30. h4 h6 31. Bc2 Rf8 32. Rd1 e4 33. b5 Bb7 34. Kd4 Rf3 35. c4 Ra3 36. g4 e3 37. cxd5 Bxd5 38. Re1 Bb3 39. Bxb3 Rxb3 40. Kc4 Ra3 41. Kb4 Rd3 42. Kc4 Ra3 43. Kb4 Rd3 1/2-1/2

[Event "AUT-chT2W 2223"]
[Site "Austria"]
[Date "2022.11.13"]
[Round "5.1"]
[White "Moroder, Stefan"]
[Black "Neugebauer, Martin"]
[Result "0-1"]
[WhiteElo "2302"]
[BlackElo "2517"]
[PlyCount "78"]
[EventDate "2022.09.23"]
[EventType "team-tourn"]
[EventRounds "11"]
[EventCountry "AUT"]
[SourceTitle "CBM 213 Extra"]
[Source "ChessBase"]
[SourceDate "2023.05.31"]
[SourceVersion "1"]
[SourceVersionDate "2023.05.31"]
[SourceQuality "1"]
[WhiteTeam "Pradl"]
[BlackTeam "Bregenz"]
[WhiteTeamCountry "AUT"]
[BlackTeamCountry "AUT"]

1. e4 c5 2. Nf3 d6 3. d4 cxd4 4. Nxd4 Nf6 5. Nc3 a6 6. Bg5 e6 7. f4 h6 8. Bh4 Qb6 9. a3 Be7 10. Bf2 Qc7 11. Qf3 Nbd7 12. 0-0-0 b5 13. g4 Bb7 14. Bd3 g5 15. f5 Ne5 16. Qe2 Nxd3+ 17. Rxd3 e5 18. Nb3 Rc8 19. Kb1 a5 20. Nd5 Nxd5 21. exd5 b4 22. axb4 axb4 23. Rd2 Kf8 24. Qb5 Kg7 25. Bb6 Qb8 26. Qxb4 Ba6 27. Na5 Bd8 28. f6+ Kg8 29. Nc6 Qxb6 30. Ne7+ Kf8 31. Qxb6 Bxb6 32. Nxc8 Bxc8 33. h4 Bxg4 34. hxg5 h5 35. Rd3 Ke8 36. Rb3 Bc7 37. Rb7 Kd7 38. Rf1 Rg8 39. Re1 Bf3 0-1

[Event "AUT-chT2W 2021"]
[Site "Austria"]
[Date "2020.10.09"]
[Round "1.1"]
[White "Moroder, Stefan"]
[Black "Michalik, Peter"]
[Result "0-1"]
[WhiteElo "2308"]
[BlackElo "2593"]
[PlyCount "174"]
[EventDate "2020.10.09"]
[EventType "team-tourn"]
[EventRounds "11"]
[EventCountry "AUT"]
[SourceTitle "CBM 199 Extra"]
[Source "ChessBase"]
[SourceDate "2021.01.31"]
[SourceVersion "1"]
[SourceVersionDate "2021.01.31"]
[SourceQuality "1"]
[WhiteTeam "Rochade Rum"]
[BlackTeam "Mayrhofen/Zillertal"]
[WhiteTeamCountry "AUT"]
[BlackTeamCountry "AUT"]

1. e4 c5 2. Nf3 d6 3. d4 cxd4 4. Nxd4 Nf6 5. Nc3 a6 6. h3 e6 7. g4 b5 8. g5 Nfd7 9. a3 Bb7 10. Bg2 Nc6 11. 0-0 Be7 12. h4 0-0 13. Nde2 Rc8 14. f4 a5 15. Be3 b4 16. axb4 Nxb4 17. Qd2 Nb6 18. Bf2 d5 19. exd5 N6xd5 20. Nxd5 Bxd5 21. c3 Bxg2 22. Qxd8 Rfxd8 23. Kxg2 Nd3 24. Rxa5 Nxb2 25. Bd4 Nc4 26. Ra4 Nd6 27. Ng3 Nb5 28. Rf3 f5 29. gxf6 gxf6 30. Ra6 Kf7 31. Re3 Nc7 32. Ra7 Nd5 33. Rf3 f5 34. Ne2 Ra8 35. Rxa8 Rxa8 36. Rg3 Nf6 37. Bxf6 Bxf6 38. h5 Ra2 39. Kf3 Rc2 40. Ke3 Bxc3 41. Kd3 Rd2+ 42. Ke3 Bb4 43. h6 Rd7 44. Rg7+ Ke8 45. Rg8+ Ke7 46. Rg7+ Kd8 47. Ng3 Bd2+ 48. Kf3 Bc3 49. Nh5 Ke8 50. Rg8+ Kf7 51. Rc8 Kg6 52. Rxc3 Kxh5 53. Rc6 Re7 54. Rc8 Kxh6 55. Rg8 Ra7 56. Ke3 Ra1 57. Kf2 Kh5 58. Rg5+ Kh4 59. Rg7 h5 60. Rg6 Ra6 61. Kf3 Kh3 62. Rg3+ Kh2 63. Rg2+ Kh1 64. Rg6 Ra3+ 65. Kf2 Ra2+ 66. Kf3 Ra6 67. Rh6 Kg1 68. Rxh5 Ra3+ 69. Ke2 Kg2 70. Rh6 Ra2+ 71. Ke3 Ra6 72. Rg6+ Kf1 73. Rh6 Ra3+ 74. Kd2 Kf2 75. Rxe6 Ra4 76. Re2+ Kf3 77. Re8 Kxf4 78. Ke1 Kf3 79. Rb8 Ra1+ 80. Kd2 f4 81. Rf8 Rf1 82. Rf7 Kg2 83. Ke2 f3+ 84. Kd2 Rf2+ 85. Ke1 Re2+ 86. Kd1 Kf2 87. Rf8 Re7 0-1

[Event "AUT-chT2W 1920"]
[Site "Austria"]
[Date "2020.03.06"]
[Round "9.1"]
[White "Moroder, Stefan"]
[Black "Frank, Emanuel"]
[Result "1/2-1/2"]
[WhiteElo "2255"]
[BlackElo "2295"]
[PlyCount "80"]
[EventDate "2019.10.04"]
[EventType "team-tourn"]
[EventRounds "11"]
[EventCountry "AUT"]
[SourceTitle "CBM 195 Extra"]
[Source "ChessBase"]
[SourceDate "2020.05.31"]
[SourceVersion "1"]
[SourceVersionDate "2020.05.31"]
[SourceQuality "1"]
[WhiteTeam "Rochade Rum"]
[BlackTeam "Salzburg ASK"]
[WhiteTeamCountry "AUT"]
[BlackTeamCountry "AUT"]

1. d4 d5 2. Nf3 Nf6 3. c4 e6 4. g3 Bb4+ 5. Bd2 Bd6 6. Bg2 c6 7. 0-0 Nbd7 8. Bf4 Bxf4 9. gxf4 0-0 10. Nbd2 b6 11. Rc1 Bb7 12. a3 c5 13. dxc5 Nxc5 14. b4 Nce4 15. Nxe4 Nxe4 16. cxd5 Bxd5 17. Qd4 Qf6 18. Qxf6 gxf6 19. Nd4 Rac8 20. Bxe4 Bxe4 21. f3 Bd5 22. Kf2 Rfd8 23. Ke3 Kf8 24. Rxc8 Rxc8 25. Kd2 f5 26. Rc1 Rxc1 27. Kxc1 Ke7 28. Kd2 a6 29. Kc3 f6 30. Nc2 Kd6 31. Nd4 Bb7 32. Kc4 Bd5+ 33. Kc3 Bb7 34. Kc4 Bd5+ 35. Kc3 Bb7 36. Kc4 Bd5+ 37. Kd3 Bb7 38. Kc4 Bc8 39. Nc2 Bb7 40. Nd4 Bd5+ 1/2-1/2

[Event "AUT-chT2W 1920"]
[Site "Austria"]
[Date "2020.01.18"]
[Round "7.4"]
[White "Moroder, Stefan"]
[Black "Mittelberger, Peter"]
[Result "1-0"]
[WhiteElo "2255"]
[BlackElo "2174"]
[PlyCount "55"]
[EventDate "2019.10.04"]
[EventType "team-tourn"]
[EventRounds "11"]
[EventCountry "AUT"]
[SourceTitle "CBM 195 Extra"]
[Source "ChessBase"]
[SourceDate "2020.05.31"]
[SourceVersion "1"]
[SourceVersionDate "2020.05.31"]
[SourceQuality "1"]
[WhiteTeam "Rochade Rum"]
[BlackTeam "Hoerbranz"]
[WhiteTeamCountry "AUT"]
[BlackTeamCountry "AUT"]

1. d4 g6 2. c4 Bg7 3. Nc3 d6 4. e4 e5 5. Nge2 Nc6 6. d5 Nd4 7. Be3 Nxe2 8. Bxe2 f5 9. exf5 Bxf5 10. g4 Bd7 11. h4 c5 12. h5 gxh5 13. g5 Bg4 14. Bxg4 hxg4 15. Qxg4 Ne7 16. Qe4 Qd7 17. Rxh7 Rxh7 18. Qxh7 Nf5 19. Qh5+ Ke7 20. 0-0-0 Rh8 21. Qf3 Nxe3 22. fxe3 Qh3 23. Qe4 Rh4 24. Qg6 Qxe3+ 25. Kb1 Bf8 26. Qf6+ Ke8 27. g6 Qg3 28. Qf7+ 1-0

[Event "AUT-chT2W 1819"]
[Site "Austria"]
[Date "2019.03.09"]
[Round "10.2"]
[White "Moroder, Stefan"]
[Black "Hertneck, Gerald"]
[Result "0-1"]
[WhiteElo "2158"]
[BlackElo "2487"]
[PlyCount "74"]
[EventDate "2018.10.12"]
[EventType "team-tourn"]
[EventRounds "11"]
[EventCountry "AUT"]
[SourceTitle "CBM 189 Extra"]
[Source "ChessBase"]
[SourceDate "2019.05.31"]
[SourceVersion "1"]
[SourceVersionDate "2019.05.31"]
[SourceQuality "1"]
[WhiteTeam "Rochade Rum"]
[BlackTeam "Neumarkt"]
[WhiteTeamCountry "AUT"]
[BlackTeamCountry "AUT"]

1. e4 e6 2. d4 d5 3. Nc3 Nc6 4. e5 Bd7 5. f4 h5 6. a3 Nge7 7. Nf3 Nf5 8. g3 a6 9. Bh3 Nce7 10. 0-0 b6 11. Ne2 c5 12. c3 g6 13. b4 Bb5 14. bxc5 bxc5 15. a4 Bc4 16. Rf2 Nc6 17. Bxf5 gxf5 18. Ba3 Qa5 19. Bxc5 Bxc5 20. dxc5 Bxe2 21. Rxe2 Qxc3 22. Kg2 d4 23. Rc1 Qb4 24. Qd3 Qxa4 25. Rc4 Qb5 26. Nxd4 Nxd4 27. Rxd4 Qxc5 28. Rd2 Qc6+ 29. Kh3 0-0 30. Qa3 Rfe8 31. Kh4 Kg7 32. Rd7 Kg6 33. h3 a5 34. R7d6 Qb7 35. Rd7 Qb4 36. Qf3 Rh8 37. Rd8 Qe7# 0-1

[Event "Pardubice Czech op-B 29th"]
[Site "Pardubice"]
[Date "2018.07.25"]
[Round "6"]
[White "Moroder, Stefan"]
[Black "Krieger, Fabian"]
[Result "1/2-1/2"]
[WhiteElo "2183"]
[BlackElo "1960"]
[PlyCount "40"]
[EventDate "2018.07.20"]
[EventType "swiss"]
[EventRounds "9"]
[EventCountry "CZE"]
[SourceTitle "CBM 186 Extra"]
[Source "ChessBase"]
[SourceDate "2018.08.24"]
[SourceVersion "1"]
[SourceVersionDate "2018.08.24"]
[SourceQuality "1"]

1. e4 e5 2. Nf3 Nc6 3. Bb5 g6 4. c3 d6 5. d4 Bd7 6. d5 Nb8 7. Bd3 Bg7 8. c4 a5 9. Nc3 Na6 10. Be3 Ne7 11. Nd2 b6 12. a3 f5 13. f3 0-0 14. Rb1 Nc5 15. Bc2 fxe4 16. Ndxe4 Nf5 17. Bf2 Bh6 18. Qe2 Nd4 19. Qd1 Nf5 20. Qe2 Nd4 1/2-1/2

[Event "Pardubice Czech op-B 29th"]
[Site "Pardubice"]
[Date "2018.07.20"]
[Round "1"]
[White "Novotny, Martin"]
[Black "Moroder, Stefan"]
[Result "1/2-1/2"]
[WhiteElo "1892"]
[BlackElo "2183"]
[PlyCount "59"]
[EventDate "2018.07.20"]
[EventType "swiss"]
[EventRounds "9"]
[EventCountry "CZE"]
[SourceTitle "CBM 186 Extra"]
[Source "ChessBase"]
[SourceDate "2018.08.24"]
[SourceVersion "1"]
[SourceVersionDate "2018.08.24"]
[SourceQuality "1"]

1. d4 Nf6 2. c4 g6 3. Nc3 Bg7 4. e4 d6 5. Nf3 0-0 6. h3 e5 7. d5 a5 8. Bg5 Na6 9. Nd2 h6 10. Be3 Nd7 11. g4 Nb6 12. Bd3 Bd7 13. a3 Nc5 14. Bc2 a4 15. Rg1 Qe7 16. Qe2 c6 17. b4 axb3 18. Nxb3 Nca4 19. Nxa4 Nxa4 20. Qd2 cxd5 21. cxd5 Rfc8 22. Bd3 Rc3 23. Nc1 Rac8 24. Ne2 Rb3 25. Rb1 Rxa3 26. Rxb7 Ra1+ 27. Rb1 Rxb1+ 28. Bxb1 Rb8 29. Bd3 Nb2 30. Kf1 1/2-1/2

[Event "AUT-chT2W 1718"]
[Site "Austria"]
[Date "2017.10.15"]
[Round "3.4"]
[White "Moroder, Stefan"]
[Black "Platzgummer, Fabian"]
[Result "0-1"]
[WhiteElo "2212"]
[BlackElo "2343"]
[PlyCount "74"]
[EventDate "2017.10.13"]
[EventType "team-tourn"]
[EventRounds "11"]
[EventCountry "AUT"]
[SourceTitle "CBM 181 Extra"]
[Source "ChessBase"]
[SourceDate "2017.12.12"]
[SourceVersion "1"]
[SourceVersionDate "2017.12.12"]
[SourceQuality "1"]
[WhiteTeam "Rochade Rum"]
[BlackTeam "Zillertal"]
[WhiteTeamCountry "AUT"]
[BlackTeamCountry "AUT"]

1. e4 c5 2. Nf3 d6 3. b4 Nf6 4. bxc5 Nxe4 5. cxd6 Qxd6 6. d4 Nc6 7. Ba3 Qd5 8. Bd3 Qa5+ 9. Kf1 Nf6 10. c4 Bg4 11. Qd2 Bxf3 12. Qxa5 Nxa5 13. gxf3 e6 14. Bb2 Be7 15. Rg1 0-0 16. Nd2 Rfd8 17. Nb3 Nc6 18. Be4 Rac8 19. Ke2 g6 20. Rac1 Nh5 21. Rcd1 Bf6 22. Ba1 Bg7 23. Rg5 f5 24. Bb1 Kf7 25. a3 Nf4+ 26. Ke3 Nh3 27. f4 Nxg5 28. fxg5 h6 29. h4 Ne7 30. Bd3 b6 31. a4 Rc7 32. a5 Nc8 33. c5 bxc5 34. Nxc5 Nd6 35. Bc2 Rxc5 36. dxc5 Nc4+ 37. Ke2 Rxd1 0-1

[Event "Innsbruck op-A 1st"]
[Site "Innsbruck"]
[Date "2017.08.31"]
[Round "7"]
[White "Deglmann, Ludwig"]
[Black "Moroder, Stefan"]
[Result "1-0"]
[WhiteElo "2298"]
[BlackElo "2212"]
[PlyCount "80"]
[EventDate "2017.08.25"]
[EventType "swiss"]
[EventRounds "9"]
[EventCountry "AUT"]
[SourceTitle "CBM 180 Extra"]
[Source "ChessBase"]
[SourceDate "2017.10.06"]
[SourceVersion "1"]
[SourceVersionDate "2017.10.06"]
[SourceQuality "1"]

1. c4 Nf6 2. g3 g6 3. Bg2 Bg7 4. Nc3 0-0 5. d3 e5 6. e4 d6 7. Nge2 a5 8. 0-0 c6 9. h3 Ne8 10. d4 exd4 11. Nxd4 Qb6 12. Be3 Qb4 13. Na4 c5 14. b3 cxd4 15. Bd2 Qa3 16. Bc1 Qb4 17. a3 Qxa4 18. bxa4 Nc6 19. Rb1 Nc7 20. Bf4 Ne5 21. c5 dxc5 22. Bxe5 Bxe5 23. f4 Bg7 24. Qc1 Na6 25. f5 f6 26. Qc4+ Kh8 27. Rb6 Bd7 28. Rxb7 Bc6 29. Rb6 Nb8 30. Qxc5 Bxa4 31. Qxd4 Be8 32. Qd5 Nd7 33. Qxa8 Nxb6 34. Qxa5 Nc4 35. Qb4 Ne5 36. a4 Bc6 37. a5 Rd8 38. Qb6 Rc8 39. Rd1 Nd7 40. Qa7 Ne5 1-0

[Event "Innsbruck op-A 1st"]
[Site "Innsbruck"]
[Date "2017.08.30"]
[Round "6"]
[White "Moroder, Stefan"]
[Black "Gatterer, Florian"]
[Result "1/2-1/2"]
[WhiteElo "2212"]
[BlackElo "2271"]
[PlyCount "36"]
[EventDate "2017.08.25"]
[EventType "swiss"]
[EventRounds "9"]
[EventCountry "AUT"]
[SourceTitle "CBM 180 Extra"]
[Source "ChessBase"]
[SourceDate "2017.10.06"]
[SourceVersion "1"]
[SourceVersionDate "2017.10.06"]
[SourceQuality "1"]

1. e4 e5 2. Nf3 Nc6 3. Bb5 a6 4. Ba4 Nf6 5. 0-0 Be7 6. Re1 b5 7. Bb3 d6 8. c3 0-0 9. h3 Nb8 10. d4 Nbd7 11. a4 Bb7 12. Nbd2 c5 13. d5 c4 14. Bc2 Re8 15. Nf1 Bf8 16. Ng3 g6 17. Bg5 h6 18. Be3 Nc5 1/2-1/2